000 00728nam a2200241Ia 4500
001 43024
005 20240114003530.0
007 ta
008 080802s1927 g b000 u 465 u
040 _aCotton College Assam
041 _a465
082 _a336.3
_bH 62 R
110 _aParliament/Command Megesty .
_c(Parliament )
245 0 _aReport of the Committee on National Debt and Taxation /
_cParliament/Command Megesty.
_hTextual Documents
250 _aist ed /
260 _aLondon :
_bMajestys Statutory office ,
_c1927.
300 _a448pg ;
_c24cm.
653 _aReport - Committee - National Debt - Taxation
653 _aRef-Report
942 _2ddc
_cBK
999 _c42990
_d42990